| 000 | 00466nam a2200181 a 4500 | ||
|---|---|---|---|
| 001 | 1759055749665 | ||
| 003 | ACL | ||
| 005 | 20250928160844.0 | ||
| 008 | 250928s2002##################000#0#eng## | ||
| 020 | _a9781580420594 | ||
| 082 | 0 | 4 |
_a794.23 _bALL |
| 100 | 1 |
_aAllen, J. Edward, _eauthor. |
|
| 245 | 1 | 0 | _aThe Basics Of Winning Roulette, 4th Edition : |
| 260 |
_bCardoza, _c2002. |
||
| 650 | 0 | _aGames & Activities. | |
| 942 | _cENGLISH | ||
| 040 |
_aACL _beng _cACL |
||
| 999 |
_c589999 _d589999 |
||